The Mathematics of control theory : based on the proceedings of a conference on control theory, organized by the Institute of Mathematics and its Applications, and held at the University of Strathclyde in September 1988
Saved in:
| Corporate Author: | |
|---|---|
| Other Authors: | , |
| Format: | Book |
| Language: | English |
| Published: |
Oxford : New York :
Clarendon Press ; , Oxford University Press,
1992
|
| Series: | Institute of Mathematics and its Applications conference series ;
; 37 |
| Subjects: | |
| Tags: |
Add Tag
No Tags, Be the first to tag this record!
|
MARC
| LEADER | 00000cam a2200000 i 4500 | ||
|---|---|---|---|
| 001 | 1/75113 | ||
| 008 | 990507s1992 eng d | ||
| 020 | |a 0-19-853640-2 | ||
| 035 | |l 10049256 | ||
| 040 | |a GR-MY-UA |b gre |e aacr | ||
| 041 | 0 | |a eng | |
| 082 | 0 | |a 629.8312 | |
| 245 | 0 | 4 | |a The Mathematics of control theory : |b based on the proceedings of a conference on control theory, organized by the Institute of Mathematics and its Applications, and held at the University of Strathclyde in September 1988 / |c edited by N.K. Nichols and D.H. Owens |
| 260 | |a Oxford : |a New York : |b Clarendon Press ; , |b Oxford University Press, |c 1992 | ||
| 300 | |a xvii, 472 p.; |b ill.; |c 24 cm. | ||
| 490 | 1 | |a Institute of Mathematics and its Applications conference series |v ; 37 | |
| 500 | |a "Papers from the 5th IMA Conference on Control Theory" | ||
| 500 | |a Includes bibliographical references | ||
| 650 | 0 | 0 | |a Control theory |x Congresses. |
| 700 | 1 | |a Nichols, N. K. |e edtf | |
| 700 | 1 | |a Owens, D. H. |q (David H.) |e edt | |
| 710 | 2 | |a Institute of Mathematics and Its Applications. | |
| 830 | 0 | |a Institute of Mathematics and its Applications conference series ; |v ; 37 | |
| 852 | |a INST |b SAMOS |e 19990507 |h 629.8312 MAT |p 005300012775 |q 005300012775 |t BK |y 0 | ||
| 901 | |a BIBL3-1999-2 | ||
| 909 | |a Σ |b 063658 | ||
| 922 | |a 3ΕΛΗ |b 199901 |c ΚΠΣ |d GLORY | ||
| 950 | |a 116-1998-08-10 | ||